MARC details
| 000 -CABECERA |
| campo de control de longitud fija |
03847nam a2200481 a 4500 |
| 003 - IDENTIFICADOR DEL NÚMERO DE CONTROL |
| campo de control |
CHAP |
| 005 - FECHA Y HORA DE LA ÚLTIMA TRANSACCIÓN |
| campo de control |
20241007135825.0 |
| 007 - CAMPO FIJO DE DESCRIPCIÓN FÍSICA--INFORMACIÓN GENERAL |
| campo de control de longitud fija |
cr ||||||a|c|a |
| 008 - DATOS DE LONGITUD FIJA--INFORMACIÓN GENERAL |
| campo de control de longitud fija |
101122s2010 mx r 00010 spa d |
| 035 ## - NÚMERO DE CONTROL DEL SISTEMA |
| Número de control de sistema |
111554 |
| 040 ## - FUENTE DE LA CATALOGACIÓN |
| Centro/agencia transcriptor |
CHAP |
| 090 ## - LOCALMENTE ASIGNADO TIPO-LC NÚMERO DE CLASIFICACIÓN (OCLC); NÚMERO DE CLASIFICACIÓN LOCAL (RLIN) |
| Número de clasificación (OCLC) (R) ; Numero de clasificación, CALL (RLIN) (NR) |
Tesis |
| 100 1# - ENTRADA PRINCIPAL--NOMBRE DE PERSONA |
| Nombre de persona |
Olguín Hernández, Gildardo. |
| 9 (RLIN) |
83004 |
| 245 10 - MENCIÓN DE TÍTULO |
| Título |
Identificación y caracterización morfológica cultural y molecular de hongos asociados a Sechium edule (Jacq.) Sw. en México |
| Mención de responsabilidad, etc. |
/por Gildardo Olguín Hernández; director de tesis Jorge Cadena Iñiguez. |
| 264 ## - PRODUCCIÓN, PUBLICACIÓN, DISTRIBUCIÓN, FABRICACIÓN Y COPYRIGHT |
| Producción, publicación, distribución, fabricación y copyright |
Chapingo, Méx. : |
| Nombre del de productor, editor, distribuidor, fabricante |
El autor, |
| Fecha de producción, publicación, distribución, fabricación o copyright |
2010 |
| 300 ## - DESCRIPCIÓN FÍSICA |
| Extensión |
1 recurso en línea (118 páginas): |
| Otras características físicas |
cuadros, figuras. |
| 336 ## - TIPO DE CONTENIDO |
| Fuente |
rdacontent |
| Término de tipo de contenido |
texto |
| Código de tipo de contenido |
txt |
| 337 ## - TIPO DE MEDIO |
| Fuente |
rdamedia |
| Nombre/término del tipo de medio |
computadora |
| Código del tipo de medio |
c |
| 338 ## - TIPO DE SOPORTE |
| Fuente |
rdacarrier |
| Nombre/término del tipo de soporte |
recursos en línea |
| Código del tipo de soporte |
cr |
| 502 ## - NOTA DE TESIS |
| Tipo de título |
Ingeniero Agrónomo Especialista en Parasitología Agrícola |
| Nombre de la institución que otorga el título |
Departamento de Enseñanza, Investigación y Servicio en Parasitología Agrícola, |
| Año de obtención del título |
2010. |
| Información miscelánea |
Licenciatura |
| 520 ## - SUMARIO, ETC. |
| Sumario, etc. |
El chayote (Sechium edule (Jacq) Sw., es un producto no tradicional de exportación cuyo uso principal es alimentario. Actualmente su comercialización a gran escala en México y Centro América, recae en la variedad var. Virens levis denominada chayote verde liso. De las limitantes más importantes como cultivo, se ubican las enfermedades fúngicas, donde se carece de su identificación precisa. Se desarrolló una investigación en huertas comerciales de chayote en la región centro de Veracruz, México con el objeto de identificar los organismos fúngicos asociados a sintomatologías que dañan el cultivo; se realizaron colectas de hojas, tallos, guías y raíces, con daño asociado a síntomas de enfermedades. La identificación y caracterización fue morfológica, cultural y molecular, mediante cultivo en PDA, comparación de estructuras típicas con claves de identificación, microscopía óptica, electrónica de barrido y a través de PCR alineando las secuencias obtenidas con el National Center for Biotechnology Information (NCBI). Los organismos identificados y asociados se obtuvieron de pudrición de raíz, necrosis de tallos y ahogamiento de guías, siendo Fusarium oxysporum, F. sambucinum, Nigrospora oryzae, Colletotrichum gloeosporioides, Alternaria alternata respectivamente. Resalta la ubicación de Erisyphe cichoracearum y Pseudoperonospora cubensis como dos organismos biotróficos asociados a láminas foliares, causantes de la cenicilla y mildiu respectivamente. Para pudrición de raíz, se asoció la presencia de Phyllophaga spp., y Diabrotica spp., como causales indirectas de la invasión de los hongos por lesiones. Se describen nuevas características morfológicas relacionadas con ornamentaciones para E. cichoracearum. La caracterización morfológica y la alineación de los organismos con el NCBI fue de 95 a 100 % de homología en nucleótidos de las regiones ITS, sugiriendo la existencia de microorganismos asociados a sintomatología de enfermedades en chayote. |
| 650 14 - PUNTO DE ACCESO ADICIONAL DE MATERIA--TÉRMINO DE MATERIA |
| Término de materia o nombre geográfico como elemento de entrada |
Chayote |
| Subdivisión general |
Enfermedades. |
| 9 (RLIN) |
22083 |
| 650 14 - PUNTO DE ACCESO ADICIONAL DE MATERIA--TÉRMINO DE MATERIA |
| Término de materia o nombre geográfico como elemento de entrada |
Chayote |
| Subdivisión general |
Fisiología y morfología. |
| 9 (RLIN) |
22085 |
| 650 14 - PUNTO DE ACCESO ADICIONAL DE MATERIA--TÉRMINO DE MATERIA |
| Término de materia o nombre geográfico como elemento de entrada |
Chayote |
| Subdivisión general |
Veracruz. |
| 650 14 - PUNTO DE ACCESO ADICIONAL DE MATERIA--TÉRMINO DE MATERIA |
| Término de materia o nombre geográfico como elemento de entrada |
Hongos fitopatógenos. |
| 9 (RLIN) |
56132 |
| 650 14 - PUNTO DE ACCESO ADICIONAL DE MATERIA--TÉRMINO DE MATERIA |
| Término de materia o nombre geográfico como elemento de entrada |
Microorganismos patógenos. |
| 9 (RLIN) |
75528 |
| 650 14 - PUNTO DE ACCESO ADICIONAL DE MATERIA--TÉRMINO DE MATERIA |
| Término de materia o nombre geográfico como elemento de entrada |
Pudrición de la raíz. |
| 9 (RLIN) |
92840 |
| 700 1# - PUNTO DE ACCESO ADICIONAL--NOMBRE DE PERSONA |
| Nombre de persona |
Cadena Iñiguez, Jorge |
| 9 (RLIN) |
128146 |
| Término indicativo de función/relación |
Director de tesis. |
| 856 ## - LOCALIZACIÓN Y ACCESO ELECTRÓNICOS |
| Identificador Uniforme del Recurso |
http://10.13.5.2/tesis/111554.pdf |
| Nota pública |
DESCARGAR PDF |
| 942 ## - ELEMENTOS DE PUNTO DE ACCESO ADICIONAL (KOHA) |
| Tipo de ítem Koha |
Tesis digital |
| Fuente del sistema de clasificación o colocación |
Clasificación Universidad Autónoma Chapingo |
| 590 ## - NOTA LOCAL (RLIN) |
| Nota local |
ALEPH |
| Procedencia (VM) [OBSOLETO] |
10 |
| Condición del los carretes individuales (VM) [OBSOLETO] |
20130110 |
| 590 ## - NOTA LOCAL (RLIN) |
| Nota local |
BATCH-UPD |
| Procedencia (VM) [OBSOLETO] |
10 |
| Condición del los carretes individuales (VM) [OBSOLETO] |
20130110 |
| 590 ## - NOTA LOCAL (RLIN) |
| Nota local |
BATCH-UPD |
| Procedencia (VM) [OBSOLETO] |
10 |
| Condición del los carretes individuales (VM) [OBSOLETO] |
20130410 |
| 590 ## - NOTA LOCAL (RLIN) |
| Nota local |
BATCH-UPD |
| Procedencia (VM) [OBSOLETO] |
10 |
| Condición del los carretes individuales (VM) [OBSOLETO] |
20130914 |
| 590 ## - NOTA LOCAL (RLIN) |
| Nota local |
BATCH-UPD |
| Procedencia (VM) [OBSOLETO] |
10 |
| Condición del los carretes individuales (VM) [OBSOLETO] |
20140324 |
| 590 ## - NOTA LOCAL (RLIN) |
| Nota local |
BATCH-UPD |
| Procedencia (VM) [OBSOLETO] |
10 |
| Condición del los carretes individuales (VM) [OBSOLETO] |
20141002 |
| 590 ## - NOTA LOCAL (RLIN) |
| Nota local |
CONVERSION |
| Procedencia (VM) [OBSOLETO] |
10 |
| Condición del los carretes individuales (VM) [OBSOLETO] |
20130109 |
| 901 ## - ELEMENTOS DE DATOS A LOCAL LDA (RLIN) |
| a |
BK |
| 949 ## - PROCESAMIENTO DE INFORMACIÓN LOCAL (OCLC) |
| a |
Tesis |
| b |
BC |
| c |
TES |
| d |
33724002223009 |
| e |
TS2 |
| f |
c.2 |
| g |
DonaciØn |
| h |
51493 |
| i |
111554 |
| s |
t |
| 949 ## - PROCESAMIENTO DE INFORMACIÓN LOCAL (OCLC) |
| a |
Tesis |
| b |
BC |
| c |
TES |
| d |
33724002223040 |
| e |
TS1 |
| g |
DonaciØn |
| h |
51492 |
| i |
111554 |
| s |
t |